[Event "WYCC U14 Open 2019"]
[Site "Mumbai"]
[Date "2019.10.05"]
[Round "5.15"]
[White "Dhrupad, Kashyap"]
[Black "Tadic, Stefan"]
[Result "1-0"]
[WhiteElo "2000"]
[BlackElo "2295"]
[Annotator "TA"]
[PlyCount "67"]
[EventDate "2019.10.02"]
[EventType "swiss"]
[EventCountry "IND"]
[SourceTitle "playchess.com"]
[Source "ChessBase"]
[SourceQuality "1"]

{[%evp 9,67,12,18,4,53,37,37,35,56,61,43,33,32,-9,-5,3,0,0,21,22,28,22,67,0,0,0,0,0,-4,-8,-6,-4,0,0,37,42,60,70,60,40,29,39,68,51,229,181,306,316,348,354,845,847,2642,2538,5785,5793,3276,3138,29993,29994]} 1. Nf3 c5 2. e4 e6 3. b3 Nf6 4. e5 Nd5 5. c4 Nc7 6. Bb2 {B40: Sicilian: 2...e6, Unusual lines} b6 (6... Nc6 7. g3 g6 8. Bg2 Bg7 9. O-O d6 10. d4 cxd4 11. Nxd4 Nxd4 12. Qxd4 Bxe5 13. Qd2 Bxb2 14. Qxb2 O-O {0-1 (45) Shytaj,L (2435)-Neelotpal,D (2463) Doha 2016}) 7. g3 Bb7 8. Bg2 {White is slightly better.} Be7 9. O-O O-O 10. Na3 $146 ({Predecessor:} 10. Nc3 Ne8 11. Qc2 Nc6 12. Rad1 a6 13. a3 {1-0 (48) Fidrilakis,S (1919)-Salifoglou,I (1619) Porto Rio 2016}) 10... f6 11. Nc2 fxe5 12. Nxe5 Bxg2 13. Kxg2 Bf6 14. d4 d6 15. Ng4 Be7 16. d5 (16. f4 $14) 16... exd5 $11 17. cxd5 Nd7 18. Qd3 Qe8 19. Rad1 Qf7 20. f4 Rae8 21. Nce3 Bd8 22. Nc4 Qh5 23. h3 Be7 24. Rfe1 b5 25. Nce5 Nb6 26. Nc6 {[%mdl 64] Double Attack} Bd8 $2 (26... Ncxd5 $14 27. Nxe7+ (27. Qxb5 Bh4 $15) 27... Nxe7) 27. Nxd8 $40 {[%mdl 128] White goes for the king.} Rxd8 {[#]} (27... Rxe1 $142 28. Rxe1 Rxd8) 28. Bxg7 $1 {[%mdl 576] Decoy} Kxg7 {[#]} 29. Re7+ $1 {[%mdl 64] Double Attack} Rf7 $2 (29... Kg8) 30. Qc3+ Kf8 {[#]} 31. Rxc7 $1 {[%mdl 512]} Rxc7 32. Qh8+ Kf7 33. Qf6+ Ke8 34. Re1+ {Accuracy: White = 66%, Black = 40%.} 1-0

[Event "WYCC U14 Open 2019"]
[Site "Mumbai"]
[Date "2019.10.05"]
[Round "5.16"]
[White "Vignesh N R"]
[Black "Flores Quillas, Diego Saul Rodri"]
[Result "*"]
[WhiteElo "2475"]
[BlackElo "2164"]
[Annotator "TA"]
[PlyCount "42"]
[EventDate "2019.10.02"]
[EventType "swiss"]
[EventCountry "IND"]
[SourceTitle "playchess.com"]
[Source "ChessBase"]
[SourceQuality "1"]

{[%evp 25,26,-4,0]} 1. e4 c5 2. Nf3 e6 3. d4 cxd4 4. Nxd4 Nf6 5. Nc3 d6 6. Be2 Be7 7. O-O O-O 8. Be3 a6 9. f4 Qc7 10. Qe1 b5 11. a3 Bb7 12. Bf3 Nbd7 13. Rd1 Rac8 {Predecessor:} 14. g4 $146 Nc5 15. Bc1 d5 16. exd5 Nxd5 17. Nxd5 Bxd5 18. Bxd5 exd5 19. Qe5 Qxe5 20. fxe5 g6 21. c3 Rfe8 {1-0 (34) Atabayev,Y (2415)-Grigoriants,S (2567) Moscow 2015} *

[Event "WYCC U14 Open 2019"]
[Site "Mumbai"]
[Date "2019.10.05"]
[Round "5.16"]
[White "Vignesh, N."]
[Black "Flores Quillas, Diego Saul Rodri"]
[Result "0-1"]
[WhiteElo "1824"]
[BlackElo "2164"]
[Annotator "TA"]
[PlyCount "56"]
[EventDate "2019.10.02"]
[EventType "swiss"]
[EventCountry "IND"]
[SourceTitle "playchess.com"]
[Source "ChessBase"]
[SourceQuality "1"]

{[%evp 25,55,-1,0,-36,-25,-16,29,0,0,-43,-27,-27,-35,-34,-31,-30,-31,-81,-84,-83,-37,-111,-89,-104,-75,-280,-189,-206,-147,-791,-787,-29999]} 1. e4 c5 2. Nf3 e6 3. d4 cxd4 4. Nxd4 Nf6 5. Nc3 d6 6. Be2 Be7 7. O-O O-O 8. Be3 a6 9. f4 Qc7 10. Qe1 b5 11. a3 Bb7 12. Bf3 Nbd7 13. Rd1 Rac8 14. Kh1 {B84: Sicilian Scheveningen: 6 Be2 a6, lines without early Be3} Rfe8 15. Bc1 Ba8 16. Qg3 {[#] White has an edge.} (16. g4 $5 {[%cal Rg4g5]}) 16... Rf8 $146 ({Predecessor:} 16... Qb8 17. Rfe1 Rxc3 18. bxc3 Nc5 19. e5 Nfe4 20. Bxe4 Nxe4 21. Rxe4 Bxe4 {½-½ (48) Fercec,N (2410)-Cvitan,O (2520) Zadar 1995}) 17. e5 dxe5 18. fxe5 Qxe5 19. Bf4 Qc5 20. Bh6 {[%csl Gh6][%cal Rg3g7] [#]} Ne8 21. Nxe6 fxe6 22. Rxd7 Rf7 {Hoping for ...Qc4.} 23. Bf4 (23. Bd2 $15) 23... Bh4 $17 24. Qxh4 Rxd7 $40 {[%mdl 128] Black has strong attack.} 25. Ne4 $2 (25. Bg4 $17 Qc4 26. Qe1) 25... Qc4 {[%cal Rc4f1]} 26. Re1 h6 {And now ...Bxe4 would win.} 27. Qg4 $2 {[%mdl 8192]} (27. h3 $17) 27... Bxe4 $1 $19 {[%mdl 64] [#] Overworked Piece} 28. Rxe4 Qf1# {Accuracy: White = 16%, Black = 57%.} 0-1

[Event "WYCC U14 Open 2019"]
[Site "Mumbai"]
[Date "2019.10.06"]
[Round "6.1"]
[White "Samant Aditya S"]
[Black "Suleymanli, Aydin"]
[Result "0-1"]
[WhiteElo "2334"]
[BlackElo "2426"]
[Annotator "ChessBase"]
[PlyCount "169"]
[EventDate "2019.10.02"]
[EventType "swiss"]
[EventCountry "IND"]
[SourceTitle "playchess.com"]
[Source "ChessBase"]
[SourceQuality "1"]
[TimeControl "40/5400+30:1800+30"]

1. e4 {[%emt 0:00:00]} c6 {[%emt 0:00:00]} 2. d4 {[%emt 0:00:00]} d5 {[%emt 0:00:00]} 3. Nc3 {[%emt 0:00:00]} dxe4 {[%emt 0:00:00]} 4. Nxe4 {[%emt 0:00:00]} Bf5 {[%emt 0:00:00]} 5. Ng3 {[%emt 0:00:00]} Bg6 {[%emt 0:00:00]} 6. h4 {[%emt 0:00:06]} h6 {[%emt 0:00:00]} 7. Nf3 {[%emt 0:00:09]} Nd7 {[%emt 0:00:04]} 8. h5 {[%emt 0:00:11]} Bh7 {[%emt 0:00:04]} 9. Bd3 {[%emt 0:00:09]} Bxd3 {[%emt 0:00:06]} 10. Qxd3 {[%emt 0:00:08]} Ngf6 {[%emt 0:00:10]} 11. Bd2 {[%emt 0:00:29]} Qc7 {[%emt 0:00:05]} 12. O-O-O {[%emt 0:00:35]} O-O-O {[%emt 0:00:05]} 13. Ne4 {[%emt 0:00:18]} e6 {[%emt 0:00:04]} 14. g3 {[%emt 0:00:10]} Nxe4 {[%emt 0:00:05]} 15. Qxe4 {[%emt 0:00:06]} Bd6 {[%emt 0:00:03]} 16. Kb1 {[%emt 0:00:25]} Rhe8 {[%emt 0:01:37]} 17. Qe2 {[%emt 0:01:25]} Nf6 {[%emt 0:02:51]} 18. c4 {[%emt 0:02:05]} c5 {[%emt 0:00:06]} 19. Bc3 {[%emt 0:00:14]} cxd4 {[%emt 0:00:33]} 20. Nxd4 {[%emt 0:00:43]} a6 {[%emt 0:00:12]} 21. Nb3 {[%emt 0:08:58]} Qc6 {[%emt 0:00:49]} 22. Bxf6 {[%emt 0:35:09]} gxf6 {[%emt 0:00:07]} 23. Qe3 {[%emt 0:06:29]} Bf8 {[%emt 0:08:57]} 24. g4 {[%emt 0:14:51]} Rd6 {[%emt 0:07:24]} 25. f3 {[%emt 0:12:10]} Red8 {[%emt 0:02:53]} 26. Rxd6 {[%emt 0:00:18]} Qxd6 {[%emt 0:00:03]} 27. Rc1 {[%emt 0:04:30]} Kb8 {[%emt 0:05:31]} 28. Qe4 {[%emt 0:03:34]} Be7 {[%emt 0:14:39]} 29. Qe3 {[%emt 0:06:21]} f5 {[%emt 0:01:01]} 30. c5 {[%emt 0:00:20]} Qd3+ {[%emt 0:01:07]} 31. Qxd3 {[%emt 0:00:05]} Rxd3 {[%emt 0:00:15]} 32. gxf5 {[%emt 0:00:22]} exf5 {[%emt 0:01:17]} 33. c6 Bg5 {[%emt 0:00:30]} 34. f4 Bxf4 {[%emt 0:00:30]} 35. Rf1 Bg5 {[%emt 0:00:30]} 36. Rxf5 bxc6 {[%emt 0:00:30]} 37. Rxf7 Rd5 {[%emt 0:00:30]} 38. Rf3 Kc7 {[%emt 0:00:30]} 39. Kc2 Bh4 {[%emt 0:00:30]} 40. Rh3 Bf6 {[%emt 0:00:30]} 41. Rf3 Be7 {[%emt 0:30:30]} 42. Rh3 Bg5 {[%emt 0:00:30]} 43. Rf3 a5 {[%emt 0:00:30]} 44. a4 Kb6 {[%emt 0:00:30]} 45. Rf2 Be7 {[%emt 0:00:30]} 46. Rh2 Bd6 {[%emt 0:00:30]} 47. Rh3 Bf4 {[%emt 0:00:30]} 48. Rf3 Bg5 {[%emt 0:00:30]} 49. Rf2 Be7 {[%emt 0:00:30]} 50. Rh2 Bb4 {[%emt 0:00:30]} 51. Nc1 Rc5+ {[%emt 0:00:30]} 52. Kb1 Rc4 {[%emt 0:00:30]} 53. Rh3 Bd2 {[%emt 0:00:30]} 54. Nd3 Rxa4 {[%emt 0:00:30]} 55. Kc2 Bg5 {[%emt 0:00:30]} 56. Ne5 Re4 {[%emt 0:00:30]} 57. Nf7 Bf4 {[%emt 0:00:30]} 58. Rh4 Re2+ {[%emt 0:00:30]} 59. Kb1 Rf2 {[%emt 0:00:30]} 60. Rg4 a4 {[%emt 0:00:30]} 61. Rg6 Bc7 {[%emt 0:00:30]} 62. Nxh6 Be5 {[%emt 0:00:30]} 63. Ng4 Rxb2+ {[%emt 0:00:30]} 64. Kc1 Bd4 {[%emt 0:00:30]} 65. Ne3 Rh2 {[%emt 0:00:30]} 66. Nc2 Be3+ {[%emt 0:00:30]} 67. Kb1 Kb5 {[%emt 0:00:30]} 68. Rg4 c5 {[%emt 0:00:30]} 69. h6 Rxh6 {[%emt 0:00:30]} 70. Rg2 Rd6 {[%emt 0:00:30]} 71. Ka2 Rd2 {[%emt 0:00:30]} 72. Rxd2 Bxd2 {[%emt 0:00:30]} 73. Kb2 Bb4 {[%emt 0:00:30]} 74. Ne3 c4 {[%emt 0:00:30]} 75. Nc2 c3+ {[%emt 0:00:30]} 76. Kb1 Bc5 {[%emt 0:00:30]} 77. Ka2 Kc4 {[%emt 0:00:30]} 78. Ne1 Bf2 {[%emt 0:00:30]} 79. Nc2 Kd3 {[%emt 0:00:30]} 80. Kb1 Bc5 {[%emt 0:00:30]} 81. Na1 a3 {[%emt 0:00:30]} 82. Ka2 c2 {[%emt 0:00:30]} 83. Nb3 Bd6 {[%emt 0:00:30]} 84. Ka1 Ke2 {[%emt 0:00:30]} 85. Ka2 0-1

[Event "WYCC U14 Open 2019"]
[Site "Mumbai"]
[Date "2019.10.06"]
[Round "6.2"]
[White "Pranav Vijay"]
[Black "Pranav Anand"]
[Result "1/2-1/2"]
[WhiteElo "2265"]
[BlackElo "2351"]
[Annotator "ChessBase"]
[PlyCount "130"]
[EventDate "2019.10.02"]
[EventType "swiss"]
[EventCountry "IND"]
[SourceTitle "playchess.com"]
[Source "ChessBase"]
[SourceQuality "1"]
[TimeControl "40/5400+30:1800+30"]

1. d4 {[%emt 0:00:00]} Nf6 {[%emt 0:00:00]} 2. Bg5 {[%emt 0:00:00]} Ne4 {[%emt 0:00:00]} 3. Bf4 {[%emt 0:00:00]} d5 {[%emt 0:00:28]} 4. f3 {[%emt 0:01:09]} Nf6 {[%emt 0:00:21]} 5. Nc3 {[%emt 0:01:27]} e6 {[%emt 0:04:46]} 6. e4 {[%emt 0:05:05]} Bb4 {[%emt 0:08:42]} 7. e5 {[%emt 0:03:03]} Nfd7 {[%emt 0:00:52]} 8. Nge2 {[%emt 0:00:21]} Be7 {[%emt 0:04:43]} 9. Be3 {[%emt 0:04:41]} c5 {[%emt 0:01:16]} 10. f4 {[%emt 0:01:10]} Nc6 {[%emt 0:01:04]} 11. g3 {[%emt 0:05:34]} O-O {[%emt 0:01:51]} 12. Qd2 {[%emt 0:02:29]} b6 {[%emt 0:04:26]} 13. a4 {[%emt 0:02:40]} Bb7 {[%emt 0:05:39]} 14. Bh3 {[%emt 0:03:35]} Rc8 {[%emt 0:08:32]} 15. O-O {[%emt 0:03:59]} Na5 {[%emt 0:08:42]} 16. b3 {[%emt 0:00:12]} cxd4 {[%emt 0:00:10]} 17. Bxd4 {[%emt 0:00:21]} Nc6 {[%emt 0:00:12]} 18. Bf2 {[%emt 0:12:27]} Bb4 {[%emt 0:02:45]} 19. Qd1 {[%emt 0:00:28]} Ncxe5 {[%emt 0:11:30]} 20. fxe5 {[%emt 0:00:19]} Bxc3 {[%emt 0:00:36]} 21. Nxc3 {[%emt 0:00:06]} Rxc3 {[%emt 0:00:04]} 22. Bd4 {[%emt 0:00:06]} Rc6 {[%emt 0:00:24]} 23. Qe2 {[%emt 0:06:58]} Qc8 {[%emt 0:03:13]} 24. Rf2 {[%emt 0:00:43]} Ba6 {[%emt 0:00:17]} 25. Qd2 {[%emt 0:00:57]} Nc5 {[%emt 0:06:30]} 26. Bg2 {[%emt 0:01:26]} Ne4 {[%emt 0:03:02]} 27. Bxe4 {[%emt 0:00:37]} dxe4 {[%emt 0:00:03]} 28. c4 {[%emt 0:00:34]} Bb7 {[%emt 0:05:11]} 29. Raf1 e3 30. Bxe3 Rc7 31. Rd1 Ba8 32. h4 Bc6 33. Qe2 Rd7 34. Rdf1 Be4 35. Qg4 Bf5 36. Qf3 Qa8 37. Qxa8 Rxa8 38. Rb2 Rd3 39. Kf2 Bg4 40. a5 bxa5 41. Ra1 Bd1 42. Rxa5 Bxb3 43. c5 Bd5 44. Rxa7 Rf8 45. Rc2 Be4 46. Rd2 Rxd2+ 47. Bxd2 Rc8 48. Ke3 Bc6 49. Ba5 h6 50. Bb6 Bd5 51. Kd4 Ra8 52. Rxa8+ Bxa8 53. Kc4 Bc6 54. Kd4 Ba8 55. Kc4 Bc6 56. Kd4 Ba8 57. Ke3 h5 58. Kf4 g6 59. Kg5 Kf8 60. Kf6 Ke8 61. Bc7 Bc6 62. Bb6 Bb7 63. Bc7 Bc6 64. Bb6 Bb7 65. Bc7 Bc6 1/2-1/2

[Event "WYCC U14 Open 2019"]
[Site "Mumbai"]
[Date "2019.10.06"]
[Round "6.3"]
[White "Sun, Jiajun B"]
[Black "Sreeshwan Maralakshikari"]
[Result "0-1"]
[WhiteElo "1977"]
[BlackElo "2449"]
[Annotator "ChessBase"]
[PlyCount "68"]
[EventDate "2019.10.02"]
[EventType "swiss"]
[EventCountry "IND"]
[SourceTitle "playchess.com"]
[Source "ChessBase"]
[SourceQuality "1"]
[TimeControl "40/5400+30:1800+30"]

1. e4 {[%emt 0:00:00]} c6 {[%emt 0:00:00]} 2. d4 {[%emt 0:00:00]} d5 {[%emt 0:00:00]} 3. Bd3 {[%emt 0:00:13]} dxe4 {[%emt 0:00:00]} 4. Bxe4 {[%emt 0:00:04]} Nf6 {[%emt 0:00:00]} 5. Bf3 {[%emt 0:00:04]} Bf5 {[%emt 0:00:05]} 6. Ne2 {[%emt 0:00:05]} e6 {[%emt 0:00:08]} 7. Ng3 {[%emt 0:00:06]} Bg6 {[%emt 0:00:05]} 8. c4 {[%emt 0:00:05]} Bd6 {[%emt 0:02:19]} 9. Nc3 {[%emt 0:00:18]} Nbd7 {[%emt 0:00:05]} 10. Nge4 {[%emt 0:00:48]} Nxe4 {[%emt 0:14:08]} 11. Nxe4 {[%emt 0:00:09]} Bxe4 {[%emt 0:00:22]} 12. Bxe4 {[%emt 0:00:05]} Qh4 {[%emt 0:00:07]} 13. Bf3 {[%emt 0:00:20]} O-O-O {[%emt 0:00:25]} 14. Be3 {[%emt 0:03:09]} Bb4+ {[%emt 0:01:23]} 15. Kf1 {[%emt 0:00:03]} Ne5 {[%emt 0:23:51]} 16. Qa4 {[%emt 0:01:35]} Nxf3 {[%emt 0:09:16]} 17. gxf3 {[%emt 0:00:02]} c5 {[%emt 0:00:42]} 18. dxc5 {[%emt 0:00:34]} Bd2 {[%emt 0:01:24]} 19. Ke2 {[%emt 0:01:13]} Bxe3 {[%emt 0:00:12]} 20. fxe3 {[%emt 0:00:05]} Qh3 {[%emt 0:00:57]} 21. Rag1 {[%emt 0:01:59]} Qf5 {[%emt 0:01:47]} 22. Qb3 {[%emt 0:05:14]} g6 {[%emt 0:03:10]} 23. c6 {[%emt 0:03:08]} bxc6 {[%emt 0:00:05]} 24. Qc3 {[%emt 0:05:05]} e5 {[%emt 0:00:55]} 25. h4 {[%emt 0:33:49]} e4 {[%emt 0:00:46]} 26. Rf1 {[%emt 0:05:49]} Rhe8 {[%emt 0:00:34]} 27. Rhg1 {[%emt 0:03:40]} Rd7 {[%emt 0:02:53]} 28. Rg5 {[%emt 0:02:37]} exf3+ {[%emt 0:02:20]} 29. Rxf3 {[%emt 0:01:26]} Qb1 {[%emt 0:00:33]} 30. Rf1 {[%emt 0:01:03]} Qe4 {[%emt 0:00:05]} 31. Rf6 Red8 {[%emt 0:00:30]} 32. Qb4 Qh1 {[%emt 0:00:30]} 33. Rxc6+ Qxc6 {[%emt 0:00:30]} 34. Rc5 Rd2+ {[%emt 0:00:30]} 0-1

[Event "WYCC U14 Open 2019"]
[Site "Mumbai"]
[Date "2019.10.06"]
[Round "6.4"]
[White "Srihari L R"]
[Black "Kolay, Alex"]
[Result "1-0"]
[WhiteElo "2283"]
[BlackElo "2164"]
[Annotator "ChessBase"]
[PlyCount "101"]
[EventDate "2019.10.02"]
[EventType "swiss"]
[EventCountry "IND"]
[SourceTitle "playchess.com"]
[Source "ChessBase"]
[SourceQuality "1"]
[TimeControl "40/5400+30:1800+30"]

1. Nf3 {[%emt 0:00:00]} d5 {[%emt 0:00:00]} 2. c4 {[%emt 0:00:00]} c6 {[%emt 0:00:00]} 3. b3 {[%emt 0:00:11]} dxc4 {[%emt 0:00:00]} 4. bxc4 {[%emt 0:01:52]} e5 {[%emt 0:00:00]} 5. Qc2 {[%emt 0:10:41]} Nd7 {[%emt 0:00:16]} 6. Bb2 {[%emt 0:00:15]} Bd6 {[%emt 0:00:07]} 7. e3 {[%emt 0:04:46]} Ngf6 {[%emt 0:00:18]} 8. Nc3 {[%emt 0:00:08]} O-O {[%emt 0:00:24]} 9. Be2 {[%emt 0:01:17]} Re8 {[%emt 0:01:52]} 10. d4 {[%emt 0:06:19]} e4 {[%emt 0:16:25]} 11. Nd2 {[%emt 0:01:20]} Qe7 {[%emt 0:00:09]} 12. g4 {[%emt 0:06:40]} h6 {[%emt 0:07:24]} 13. h4 {[%emt 0:01:51]} Nf8 {[%emt 0:20:44]} 14. g5 {[%emt 0:04:40]} hxg5 {[%emt 0:00:28]} 15. hxg5 {[%emt 0:00:22]} N6h7 {[%emt 0:00:06]} 16. Ncxe4 {[%emt 0:04:57]} Nxg5 {[%emt 0:21:36]} 17. Nxd6 {[%emt 0:01:49]} Qxd6 {[%emt 0:00:06]} 18. O-O-O {[%emt 0:00:34]} Qe7 {[%emt 0:03:34]} 19. Rdg1 {[%emt 0:02:01]} f6 {[%emt 0:01:07]} 20. Bd3 {[%emt 0:03:57]} b6 {[%emt 0:12:41]} 21. Rg3 {[%emt 0:02:30]} Qc7 {[%emt 0:01:17]} 22. f4 {[%emt 0:00:56]} Rb8 {[%emt 0:01:14]} 23. Nf1 {[%emt 0:00:27]} Nge6 {[%emt 0:00:26]} 24. Bg6 {[%emt 0:00:57]} Nxg6 {[%emt 0:01:01]} 25. Qxg6 {[%emt 0:00:26]} Bb7 26. Rgh3 {[%emt 0:00:30]} Kf8 27. f5 {[%emt 0:00:30]} Qf7 28. Rh8+ {[%emt 0:00:30]} Ke7 29. Ba3+ {[%emt 0:00:30]} c5 30. Qxf7+ {[%emt 0:00:30]} Kxf7 31. fxe6+ {[%emt 0:00:30]} Kxe6 32. d5+ {[%emt 0:00:30]} Bxd5 33. cxd5+ {[%emt 0:00:30]} Kxd5 34. R8h7 {[%emt 0:00:30]} Rb7 35. Rg1 {[%emt 0:00:30]} Ree7 36. Rg6 {[%emt 0:00:30]} Kc4 37. Kc2 {[%emt 0:00:30]} b5 38. Nd2+ {[%emt 0:00:30]} Kd5 39. Rh5+ {[%emt 0:00:30]} Re5 40. Rxe5+ {[%emt 0:00:30]} Kxe5 41. Rg3 {[%emt 0:30:30]} Rc7 42. Rh3 {[%emt 0:00:30]} a5 43. Rh5+ {[%emt 0:00:30]} f5 44. Bb2+ {[%emt 0:00:30]} Ke6 45. Rg5 {[%emt 0:00:30]} a4 46. a3 {[%emt 0:00:30]} b4 47. Nc4 {[%emt 0:00:30]} bxa3 48. Rg6+ {[%emt 0:00:30]} Kd5 49. Kd3 {[%emt 0:00:30]} Rc6 50. Bxg7 {[%emt 0:00:30]} a2 51. Ba1 {[%emt 0:00:30]} 1-0

[Event "WYCC U14 Open 2019"]
[Site "Mumbai"]
[Date "2019.10.06"]
[Round "6.5"]
[White "Aaryan Varshney"]
[Black "Abinandhan R"]
[Result "0-1"]
[WhiteElo "2239"]
[BlackElo "1830"]
[Annotator "ChessBase"]
[PlyCount "98"]
[EventDate "2019.10.02"]
[EventType "swiss"]
[EventCountry "IND"]
[SourceTitle "playchess.com"]
[Source "ChessBase"]
[SourceQuality "1"]
[TimeControl "40/5400+30:1800+30"]

1. d4 {[%emt 0:00:00]} Nf6 {[%emt 0:00:00]} 2. c4 {[%emt 0:00:00]} e6 {[%emt 0:00:00]} 3. Nf3 {[%emt 0:00:00]} d5 {[%emt 0:00:00]} 4. Nc3 {[%emt 0:00:05]} Be7 {[%emt 0:00:00]} 5. Bg5 {[%emt 0:00:18]} O-O {[%emt 0:00:07]} 6. e3 {[%emt 0:00:16]} h6 {[%emt 0:00:07]} 7. Bh4 {[%emt 0:00:09]} b6 {[%emt 0:00:14]} 8. Bd3 {[%emt 0:00:29]} Bb7 {[%emt 0:01:11]} 9. O-O {[%emt 0:00:19]} Nbd7 {[%emt 0:02:20]} 10. Qe2 {[%emt 0:00:39]} Ne4 {[%emt 0:13:26]} 11. Bg3 {[%emt 0:01:10]} Ndf6 {[%emt 0:06:00]} 12. Rfd1 {[%emt 0:02:23]} Nxc3 {[%emt 0:15:03]} 13. bxc3 {[%emt 0:00:04]} Ne4 {[%emt 0:00:08]} 14. Rac1 {[%emt 0:02:14]} Ba3 {[%emt 0:12:52]} 15. Rc2 {[%emt 0:01:01]} Bc6 {[%emt 0:00:49]} 16. cxd5 {[%emt 0:03:22]} Qxd5 {[%emt 0:04:01]} 17. Bc4 {[%emt 0:08:27]} Qa5 {[%emt 0:01:41]} 18. Qe1 {[%emt 0:01:49]} Ba4 {[%emt 0:12:03]} 19. Bb3 {[%emt 0:00:36]} c5 {[%emt 0:00:26]} 20. Ne5 {[%emt 0:04:18]} b5 {[%emt 0:03:54]} 21. c4 {[%emt 0:05:41]} Bb4 {[%emt 0:01:17]} 22. Qf1 {[%emt 0:00:48]} Rac8 {[%emt 0:06:04]} 23. d5 {[%emt 0:04:23]} exd5 {[%emt 0:01:36]} 24. Rxd5 {[%emt 0:00:50]} Nd2 {[%emt 0:00:28]} 25. Rcxd2 {[%emt 0:02:05]} Bxd2 {[%emt 0:00:08]} 26. cxb5 {[%emt 0:00:52]} Bxb5 {[%emt 0:07:40]} 27. Bc4 {[%emt 0:15:06]} a6 {[%emt 0:00:33]} 28. a4 Bxa4 {[%emt 0:00:30]} 29. Bxa6 Rcd8 {[%emt 0:00:30]} 30. Bc4 Rxd5 {[%emt 0:00:30]} 31. Bxd5 Bb5 {[%emt 0:00:30]} 32. Qb1 Bc3 {[%emt 0:00:30]} 33. h4 Qa1 {[%emt 0:00:30]} 34. Qxa1 Bxa1 {[%emt 0:00:30]} 35. Nc4 Bxc4 {[%emt 0:00:30]} 36. Bxc4 Rd8 {[%emt 0:00:30]} 37. Kf1 Rd2 {[%emt 0:00:30]} 38. h5 Bc3 {[%emt 0:00:30]} 39. Bf4 Bb4 {[%emt 0:00:30]} 40. g4 Rc2 {[%emt 0:00:30]} 41. Bb3 Rc1+ {[%emt 0:30:30]} 42. Ke2 c4 {[%emt 0:00:30]} 43. Ba4 Re1+ {[%emt 0:00:30]} 44. Kf3 Ra1 {[%emt 0:00:30]} 45. Bb5 c3 {[%emt 0:00:30]} 46. Bd3 Rd1 {[%emt 0:00:30]} 47. Ke4 Rd2 {[%emt 0:00:30]} 48. Be5 c2 {[%emt 0:00:30]} 49. Bxc2 Rxc2 {[%emt 0:00:30]} 0-1

[Event "WYCC U14 Open 2019"]
[Site "Mumbai"]
[Date "2019.10.06"]
[Round "6.6"]
[White "Tsvetkov, Andrey"]
[Black "Poltorak, Sebastian"]
[Result "1-0"]
[WhiteElo "2382"]
[BlackElo "2130"]
[Annotator "ChessBase"]
[PlyCount "71"]
[EventDate "2019.10.02"]
[EventType "swiss"]
[EventCountry "IND"]
[SourceTitle "playchess.com"]
[Source "ChessBase"]
[SourceQuality "1"]
[TimeControl "40/5400+30:1800+30"]

1. d4 {[%emt 0:00:00]} Nf6 {[%emt 0:00:00]} 2. c4 {[%emt 0:00:00]} e6 {[%emt 0:00:00]} 3. Nf3 {[%emt 0:00:00]} Bb4+ {[%emt 0:00:00]} 4. Nbd2 {[%emt 0:00:00]} O-O {[%emt 0:00:15]} 5. a3 {[%emt 0:00:00]} Be7 {[%emt 0:00:16]} 6. e4 {[%emt 0:00:00]} d6 {[%emt 0:01:16]} 7. Be2 {[%emt 0:00:06]} b6 {[%emt 0:05:08]} 8. O-O {[%emt 0:02:14]} Bb7 {[%emt 0:02:09]} 9. Qc2 {[%emt 0:00:24]} c5 {[%emt 0:03:25]} 10. d5 {[%emt 0:00:38]} e5 {[%emt 0:00:55]} 11. Rd1 {[%emt 0:03:25]} Ne8 {[%emt 0:08:11]} 12. Nf1 {[%emt 0:07:00]} g6 {[%emt 0:03:26]} 13. Bh6 {[%emt 0:01:07]} Ng7 {[%emt 0:00:05]} 14. Rab1 {[%emt 0:00:17]} f5 {[%emt 0:07:02]} 15. exf5 {[%emt 0:16:52]} gxf5 {[%emt 0:01:13]} 16. Ng3 {[%emt 0:01:03]} Bc8 {[%emt 0:04:42]} 17. Qd2 {[%emt 0:08:39]} Nd7 {[%emt 0:10:54]} 18. Ng5 {[%emt 0:08:13]} Bxg5 {[%emt 0:04:58]} 19. Bxg5 {[%emt 0:00:37]} Qe8 {[%emt 0:01:24]} 20. f4 {[%emt 0:07:09]} e4 {[%emt 0:07:28]} 21. Nf1 {[%emt 0:01:58]} Qg6 {[%emt 0:03:23]} 22. Bh4 {[%emt 0:06:21]} Nh5 {[%emt 0:05:57]} 23. Be7 Re8 {[%emt 0:00:30]} 24. Bxh5 Qxh5 {[%emt 0:00:30]} 25. Bxd6 Qh6 {[%emt 0:00:30]} 26. Bc7 Qf6 {[%emt 0:00:30]} 27. b4 Ba6 {[%emt 0:00:30]} 28. bxc5 Nxc5 {[%emt 0:00:30]} 29. Be5 Qf7 {[%emt 0:00:30]} 30. Qd4 Nd3 {[%emt 0:00:30]} 31. Ne3 Rac8 {[%emt 0:00:30]} 32. Rxd3 exd3 {[%emt 0:00:30]} 33. Qxd3 Red8 {[%emt 0:00:30]} 34. Nxf5 Bxc4 {[%emt 0:00:30]} 35. Qg3+ Kf8 {[%emt 0:00:30]} 36. Nd6 1-0

[Event "WYCC U14 Open 2019"]
[Site "Mumbai"]
[Date "2019.10.06"]
[Round "6.7"]
[White "Chyzy, Jakub"]
[Black "Manish, Kumar"]
[Result "1-0"]
[WhiteElo "2327"]
[BlackElo "2132"]
[Annotator "ChessBase"]
[PlyCount "67"]
[EventDate "2019.10.02"]
[EventType "swiss"]
[EventCountry "IND"]
[SourceTitle "playchess.com"]
[Source "ChessBase"]
[SourceQuality "1"]
[TimeControl "40/5400+30:1800+30"]

1. e4 {[%emt 0:00:00]} e5 {[%emt 0:00:00]} 2. Nf3 {[%emt 0:00:00]} Nc6 {[%emt 0:00:00]} 3. Nc3 {[%emt 0:00:00]} Nf6 {[%emt 0:00:04]} 4. a3 {[%emt 0:00:00]} g6 5. d4 {[%emt 0:04:40]} exd4 {[%emt 0:01:44]} 6. Nxd4 {[%emt 0:00:06]} Bg7 {[%emt 0:00:33]} 7. Nxc6 {[%emt 0:00:22]} bxc6 {[%emt 0:00:01]} 8. Bd3 {[%emt 0:01:09]} O-O {[%emt 0:00:07]} 9. O-O {[%emt 0:00:24]} Re8 {[%emt 0:01:59]} 10. Bg5 {[%emt 0:07:41]} Rb8 {[%emt 0:13:46]} 11. f4 {[%emt 0:02:35]} d6 {[%emt 0:01:52]} 12. b4 {[%emt 0:10:49]} Qd7 {[%emt 0:08:41]} 13. Qd2 {[%emt 0:01:29]} Bb7 {[%emt 0:11:59]} 14. Rae1 {[%emt 0:03:57]} h6 {[%emt 0:00:53]} 15. Bxf6 {[%emt 0:08:44]} Bxf6 {[%emt 0:00:10]} 16. e5 {[%emt 0:00:28]} dxe5 {[%emt 0:02:15]} 17. Ne4 {[%emt 0:01:13]} Bg7 {[%emt 0:01:31]} 18. fxe5 {[%emt 0:02:58]} Rxe5 {[%emt 0:04:41]} 19. Nc5 {[%emt 0:04:59]} Qd6 {[%emt 0:19:25]} 20. Rxe5 {[%emt 0:01:32]} Bxe5 {[%emt 0:03:54]} 21. Qxh6 {[%emt 0:02:51]} Bc8 {[%emt 0:04:10]} 22. Kh1 {[%emt 0:02:22]} Bg7 {[%emt 0:04:20]} 23. Qh4 {[%emt 0:03:00]} Bd7 {[%emt 0:03:37]} 24. Ne4 Qd4 {[%emt 0:00:30]} 25. Qe7 Bf5 {[%emt 0:00:30]} 26. Ng5 Qf6 {[%emt 0:00:30]} 27. Qxc7 Re8 {[%emt 0:00:30]} 28. Bc4 Qe7 {[%emt 0:00:30]} 29. Bxf7+ Kh8 {[%emt 0:00:30]} 30. Qg3 Bh6 {[%emt 0:00:30]} 31. Bxe8 Bxg5 {[%emt 0:00:30]} 32. Bxc6 Bh6 {[%emt 0:00:30]} 33. Qb8+ Kg7 {[%emt 0:00:30]} 34. Qb7 1-0